Statistics for General Knowledge Quiz #147

Click here to take the quiz!

General Stats

  • This quiz has been taken 44,265 times
    (21,534 since last reset)
  • The average score is 11 of 20

Answer Stats

QuestionAnswer% Correct
What actress has adopted children from Cambodia, Ethiopia, and Vietnam?Angelina Jolie
76%
What is the term for a person who eats no meat except for seafood?{Pesc}etarian
75%
What country's highest recorded temperature is just 87 °F (30.5 °C),
the lowest of any country?
Iceland
73%
Stalactites grow down from the top of cave. What grows up from the floor of a cave?Stalagmites
71%
What fictional barbarian was portrayed by Arnold Schwarzenegger?Conan
66%
What is the name for a lounge where performers wait before going onstage?{Green} Room
65%
What is German for "good day"?Guten Tag
62%
What rock musician famously bit the head off a bat while onstage?Ozzy Osbourne
62%
What type of leaf is stereotypically used to cover up nudity?Fig Leaf
61%
You would address a king by saying "Your Majesty". How would you address the pope?Your {Holiness}
59%
What city in England is named for the place where oxen waded across the river Thames?Oxford
56%
What word means "fancy party" in English and "evening" in French?Soirée
54%
What is both a golf term and slang for an enemy plane?Bogey
53%
What country does Häagen-Dazs ice cream come from?United States
51%
What type of machine is also known as a one-armed bandit?Slot Machine
47%
What Barry Manilow song was about a club that was the "hottest spot north of Havana"?Copacabana
42%
What was the central meeting place of ancient Rome?Forum
40%
What are the first five words of a "Hail Mary" prayer?Hail Mary,
{full} {of} {grace}
40%
What country contains most of the Hindu Kush mountains?Afghanistan
38%
What would you find in an ossuary?Bones
27%

Score Distribution

Percentile by Number Answered

Percent of People with Each Score

Your Score History

You have not taken this quiz since the last reset